000 00617nam a2200229 i 4500
001 8157
003 ES-MaACL
005 20230906145407.0
007 t|
008 920228s1991 sp ||||1| spa d
020 _a84-404-6753-2
080 _a86-14"19"
080 _a86(Etxeba,C.7 M.01)
100 1 _aEtxeba, Carlos.
_948303
245 1 3 _aEl Mar está dentro de ti /
_cCarlos Etxeba.
260 _aBilbao :
_bEdertasuna,
_cD.L. 1991.
300 _a64 p. ;
_c22 cm.
490 1 _aColección Poesía
830 0 _aColección Poesía
_9178068
852 _aES-MaACL
_jL-15509
_bR.120000
999 _c8157
_d8157